[Event "Leipzig VfB op 13th"]
[Site "Leipzig"]
[Date "2006.03.19"]
[Round "9"]
[White "Winter, Kathrin"]
[Black "Medvedyev, Oleksandr"]
[Result "1/2-1/2"]
[WhiteElo "1397"]
[BlackElo "1130"]
[PlyCount "128"]
[EventDate "2006.03.14"]
[EventType "swiss"]
[EventRounds "9"]
[EventCountry "GER"]
[SourceTitle "EXT 2008"]
[Source "ChessBase"]
[SourceDate "2007.11.25"]
[SourceVersion "1"]
[SourceVersionDate "2007.11.25"]
[SourceQuality "1"]

1. e4 c5 2. Nc3 Nc6 3. f4 d6 4. Nf3 Nf6 5. Bc4 e6 6. 0-0 a6 7. a4 Be7 8. d3 0-0 9. Qe1 d5 10. exd5 Nxd5 11. Ne4 Ndb4 12. Qe2 Nd4 13. Nxd4 cxd4 14. c3 Nc6 15. Bd2 b6 16. Qf3 Bb7 17. Rae1 Na5 18. Qh3 Nxc4 19. dxc4 Qd7 20. b3 dxc3 21. Bxc3 Bxe4 22. Rxe4 f5 23. Re2 Bf6 24. Bxf6 Rxf6 25. Qe3 Qc7 26. Qe5 Qe7 27. Qe3 Qc7 28. Rd1 Rd8 29. Rxd8+ Qxd8 30. Rd2 Qc7 31. Qd4 Kf7 32. Qd7+ Qxd7 33. Rxd7+ Kg6 34. b4 e5 35. fxe5 Re6 36. Rd6 Kf7 37. Rd5 Ke7 38. Kf2 g5 39. c5 bxc5 40. Rxc5 Kd7 41. Kf3 h6 42. g3 Rb6 43. b5 axb5 44. axb5 Re6 45. h4 Rg6 46. e6+ Rxe6 47. Rxf5 gxh4 48. gxh4 Re1 49. h5 Ke6 50. Rc5 Rb1 51. Ke4 Kd6 52. Rd5+ Ke6 53. Re5+ Kd6 54. Rf5 Ke6 55. Rc5 Kd6 56. Rc6+ Kd7 57. Rxh6 Rxb5 58. Rh7+ Ke8 59. h6 Rh5 60. Kf4 Kf8 61. Rh8+ Kf7 62. Kg4 Rh1 63. Kf5 Rf1+ 64. Kg5 Rg1+ 1/2-1/2